000 00799nas a2200265 4500
001 BR2019001180
003 BR-BrBNA
005 20231205131853.0
007 ta
008 230509b bl.|||p| |||| 00| 00por d
040 _aBR-BrBNA
_bpor
_cBiblioteca Nacional de Agricultura
041 _a(Es)
072 _aL20
100 1 _aJaffe, K.
100 1 _aTablante, P.A.
100 1 _aSanchez, P.
245 1 _aEcología de Formicidae en plantaciones de cacao en Barlovento, Venezuela
650 _aTHEOBROMA CACAO
650 _aECOLOGIA ANIMAL
650 _aFORMIGA
773 0 _tRevista Theobroma (Brazil)
_xISSN 0370-7962
_g(Oct-Dec 1986), v. 16(4) p. 189-197
_wBR2019001180
856 4 0 _dLink DSPACE/MAPA BR2019001180
909 _a202311
_bLúcia
_c55
_dLúcia Elande
942 _2AGRIS
_n0
_cANA
999 _c257193
_d257193